European Capitals with Letter B - Statistics

General Stats
  • This quiz has been taken 135 times
  • The average score is 9 of 12
Answer Stats
Capital % Correct
Berlin
92%
Brussels
92%
Bern
87%
Bucharest
86%
Budapest
86%
Lisbon
81%
Belgrade
77%
Dublin
74%
Bratislava
73%
Ljubljana
58%
Zagreb
57%
Luxembourg
47%
No matching quizzes found
Score Distribution
Percent of People with Each Score
Percentile by Number Answered
Your Score History
You have not taken this quiz